000 00406cam a22001217a 4500
008 180718b1977 xxu||||| |||| 00| 0 eng d
082 _aA81x54 In2/71/1/Pap2/1977
100 _aCensus of India 1971
245 _aIndia: fertility tables (based on 1 percent sample)
260 _aDelhi
_bThe Manager of Publications
_c1977
300 _a77+p.
440 _aCensus of India 1971. Series-1, India. Paper 2 of 1977
999 _c484811
_d484811